Fecundicad diferencia e inmigrantes nicaragüenses en Costa Rica /
保存先:
| 第一著者: | |
|---|---|
| その他の著者: | , |
| フォーマット: | テキスト |
| 主題: | |
| タグ: |
タグ追加
タグなし, このレコードへの初めてのタグを付けませんか!
|
MARC
| LEADER | 00000 a a2200000 04500 | ||
|---|---|---|---|
| 001 | 10340 | ||
| 003 | |||
| 040 | |||
| 100 | |a Rosero Bixby, Luis | ||
| 245 | |a Fecundicad diferencia e inmigrantes nicaragüenses en Costa Rica / |c Luis Rosero Bixby ; Gilbert Brenes Camacho ; Mario Chen Mok | ||
| 650 | |a INMIGRANTES | ||
| 650 | |a NICARAGUENSES | ||
| 650 | |a FECUNDIDAD | ||
| 650 | |a METODOLOGIA | ||
| 650 | |a FECUNDIDAD | ||
| 650 | |a DISTRIBUCION POR EDAD | ||
| 650 | |a ESTADO CIVIL | ||
| 650 | |a DISTRIBUCION GEOGRAFICA | ||
| 650 | |a INMIGRANTES | ||
| 700 | |a Brenes Camacho, Gilbert | ||
| 700 | |a Chen Mok, Mario | ||
| 773 | |g volumen 29, número 74; páginas 27-51 | ||
| 999 | |c 39004 |d 39004 | ||
